[Event "29th Czech Open-Rapid 2018"]
[Site "Pardubice"]
[Date "2018.07.18"]
[Round "3"]
[White "Priyanka Nutakki"]
[Black "Pulpan, Jakub"]
[Result "0-1"]
[WhiteElo "2180"]
[BlackElo "2386"]
[Annotator "TA"]
[PlyCount "96"]
[EventDate "2018.07.18"]
[EventType "swiss"]
[EventCountry "CZE"]
[SourceTitle "playchess.com"]
[Source "ChessBase"]
[SourceQuality "1"]

{[%evp 23,96,14,23,21,34,23,24,20,29,-2,37,0,32,13,35,39,33,0,0,0,16,12,25,0,13,9,14,11,9,0,8,0,0,0,0,0,0,-60,-32,-26,0,0,-21,-8,0,0,0,0,41,-648,-637,-781,-771,-740,-695,-684,-349,-805,-419,-423,-260,-250,0,-422,-419,-771,-537,-5086,-5365,-1941,-392,-1150,-1129,-1119,-1081]} 1. e4 e5 2. Nf3 Nc6 3. Bc4 Nf6 4. d3 Bc5 5. O-O O-O 6. a4 d6 7. c3 a6 8. h3 {C54: Giuoco Piano: 4 c3 Nf6, main lines with 5 d4 and 5 d3} h6 9. Nbd2 (9. Re1 Re8 10. Nbd2 Be6 11. Bxe6 Rxe6 12. b4 Ba7 13. Qc2 Qd7 14. Nf1 d5 15. Ng3 Rd8 16. exd5 Qxd5 {½-½ (63) Carlsen,M (2834)-Kramnik,V (2787) Wijk aan Zee 2018}) 9... Ba7 10. Re1 Ne7 11. Nf1 Ng6 12. Ng3 c6 {LiveBook: 14 Games} 13. Ba2 Re8 14. d4 Be6 $146 ({Predecessor:} 14... Qc7) 15. Bxe6 Rxe6 16. Be3 Qc7 17. Qb3 Ree8 18. Rad1 exd4 19. Bxd4 Bxd4 20. Nxd4 d5 21. exd5 Nxd5 22. Ne4 {[%cal Bg3e4,Be4c5,Bc5d3][%mdl 32]} Re5 23. Nc5 b6 24. Nd3 Rg5 {[#] Hoping for ...Ndf4.} 25. Nf3 Rf5 26. Nd4 Rf6 27. Re4 Ndf4 28. Nxf4 Nxf4 29. Rde1 Rf8 {And now ...Nd3 would win.} 30. Re7 (30. R1e3 $11) 30... Qd6 (30... Qc8 $5 {[%cal Rf6g6]} 31. Ne2 (31. Qxb6 $2 Rg6 $19) 31... Nd3 $15) 31. R7e3 $1 ({Don't play} 31. Qxb6 Qd5 $17) 31... Rg6 32. Rg3 Rxg3 33. fxg3 Nxh3+ 34. gxh3 {Threatens to win with Kg2.} Qxg3+ 35. Kf1 c5 36. Nc2 $2 {[%mdl 8192]} (36. c4 $14 Qh2 37. Nf3 Qxh3+ 38. Kf2) 36... Qxh3+ $19 37. Kg1 Qg4+ 38. Kf1 Qf5+ 39. Kg1 Qg6+ 40. Kh1 $2 (40. Kf2 c4 41. Qxc4 Qxc2+ 42. Re2 Qf5+ 43. Ke1) 40... Qc6+ 41. Kh2 Qd6+ 42. Kh1 Qc6+ $2 (42... Qd2 43. a5 c4 44. Qxc4 Qxc2 45. axb6 Qf2) 43. Kh2 $1 {[#]} Rd8 $1 {[%cal Rd8d2]} 44. Re2 (44. Qc4 $142 Qf3 45. Qe2 Qf4+ 46. Kg1) 44... Rd5 45. Kg1 Rg5+ 46. Kf2 Qf6+ $2 (46... c4 {( -> ...Qg2+)} 47. Qb4 Qg2+ 48. Ke1 Qg3+ 49. Kd1 Qd3+ 50. Kc1 Qxe2) 47. Ke1 $2 (47. Ke3 Re5+ 48. Kd2 Qd6+ 49. Ke1) 47... Rg1+ 48. Kd2 Qd6+ {Precision: White = 38%, Black = 48%.} 0-1

[Event "29th Czech Open-Rapid 2018"]
[Site "Pardubice"]
[Date "2018.07.18"]
[Round "3"]
[White "Roenko, Artur"]
[Black "Ret, Adam Josef"]
[Result "1-0"]
[WhiteElo "2162"]
[BlackElo "1824"]
[Annotator "TA"]
[PlyCount "93"]
[EventDate "2018.07.18"]
[EventType "swiss"]
[EventCountry "CZE"]
[SourceTitle "playchess.com"]
[Source "ChessBase"]
[SourceQuality "1"]

{[%evp 13,93,-1,219,227,222,213,275,283,269,191,193,200,198,182,194,147,182,148,179,164,208,175,508,510,505,501,503,505,495,499,523,470,495,347,351,350,340,337,432,415,511,502,609,612,592,592,810,808,800,753,789,788,800,799,1625,1577,5787,5693,12818,6387,12834,12834,12831,12830,12831,12829,12826,11429,12834,12835,12835,12833,12835,12833,12834,12833,12835,6311,12840,11710,12844,12764]} 1. e4 c5 2. d4 cxd4 3. c3 dxc3 4. Nxc3 Nc6 5. Nf3 d6 6. Bc4 Nf6 7. e5 Nxe5 $2 (7... Ng4 $11) 8. Nxe5 $18 {[%csl Ge5][%cal Rc4f7] [#] B21: Sicilian: 2 f4 and Morra Gambit} e6 9. Bb5+ Bd7 (9... Ke7 10. Nf3 a6 11. Bd3 b5 12. O-O Bb7 13. Re1 g6 14. Bf4 Bg7 15. Ng5 Nh5 {1-0 (27) Dragnev,V (2151)-Leitner,G (2241) Vienna 2014}) 10. Nxd7 {White has a decisive advantage.} Nxd7 11. Qa4 a6 $146 ({Predecessor:} 11... Be7 12. O-O a6 13. Bxd7+ Qxd7 14. Qxd7+ Kxd7 15. Na4 Bd8 {½-½ (46) Thing,B (1902)-Belhimer,H Al Ain 2013}) 12. Bxd7+ Qxd7 13. Qxd7+ Kxd7 14. Bf4 Be7 15. O-O-O Kc6 16. Kb1 Rad8 17. Rc1 {[#] Hoping for Na4+.} Kb6 $2 (17... b6 18. Rhd1 Kb7) 18. Be3+ Kc6 19. Rhd1 Kd7 20. Na4 Ke8 21. Bb6 Bg5 22. Bxd8 Bxc1 23. Kxc1 Kxd8 24. Rxd6+ {[%mdl 4096] Endgame KRN-KR} Kc7 25. Rd3 b5 26. Nc5 Kb6 27. b4 {White is clearly winning.} Rc8 28. Rd6+ Rc6 29. Rd7 {[%csl Gc5][%cal Rd7b7]} Rc7 30. Rxc7 Kxc7 31. Nxa6+ {KN-KP} Kd6 32. Kd2 Kd5 33. Kd3 e5 34. Nc7+ Kc6 35. Ne8 g6 36. Ke4 Kd7 37. Nf6+ Ke6 38. Nxh7 f5+ 39. Kd3 Kd5 40. h4 e4+ 41. Kc3 Ke5 42. Nf8 Kf6 43. Nd7+ Ke6 44. Nc5+ Ke5 45. g3 f4 46. gxf4+ Kxf4 47. Kd4 {Precision: White = 74%, Black = 17%.} 1-0

[Event "29th Czech Open-Rapid 2018"]
[Site "Pardubice"]
[Date "2018.07.18"]
[Round "3"]
[White "Ruzicka, Josef"]
[Black "Chubar, Vladimir"]
[Result "0-1"]
[WhiteElo "2139"]
[BlackElo "2016"]
[Annotator "TA"]
[PlyCount "64"]
[EventDate "2018.07.18"]
[EventType "swiss"]
[EventCountry "CZE"]
[SourceTitle "playchess.com"]
[Source "ChessBase"]
[SourceQuality "1"]

{[%evp 13,64,38,51,-247,-250,-254,-241,-241,-194,-228,-228,-223,-223,-217,-202,-196,-207,-242,-223,-218,-211,-212,-185,-262,-249,-241,-181,-287,-264,-284,-80,-95,-76,-344,-88,-339,-347,-368,-320,-397,-380,-1908,-1668,-1673,-977,-29987,-29986,-29989,-29990,-29996,-29997,-29997,-29998]} 1. e4 e6 2. d4 d5 3. Nd2 dxe4 4. Nxe4 Bd7 5. Nf3 Bc6 6. Bd3 Nd7 7. Qe2 Be7 {LiveBook: 59 Games} 8. Bg5 $2 {[%mdl 8192] C10: French with 3 Nc3: Unusual Black 3rd moves and 3...dxe4} (8. Be3 $14 {keeps the upper hand.}) (8. O-O Ngf6 9. Neg5 Bxf3 10. Nxf3 O-O 11. c3 c6 12. Re1 Qc7 13. g3 Rfe8 14. Kg2 Rad8 15. Bd2 Bd6 16. Rad1 e5 17. dxe5 Nxe5 18. Nxe5 Bxe5 {½-½ (68) Dominguez Perez,L (2739)-Meier,G (2628) chess.com INT 2018}) 8... Bxe4 $1 $19 9. Qxe4 $146 ({Predecessor:} 9. Bxe4 Bxg5 10. h4 Bf6 11. g4 c6 12. g5 Be7 13. O-O-O Qc7 14. Kb1 O-O-O 15. c4 {0-1 (35) Mehne,C (2145)-Golf,E (2161) Waldshut 2002}) 9... Bxg5 10. Qxb7 {Black is clearly better.} Be7 11. Ne5 Nxe5 12. dxe5 Rb8 13. Qxa7 Nh6 14. Rd1 Qc8 ({Don't do} 14... Rxb2 {[#]} 15. Bb5+ $1 {[%mdl 512]} Rxb5 16. Rxd8+ Bxd8 17. O-O) 15. Qa4+ Kf8 16. Rb1 g6 17. O-O Kg7 18. b4 (18. Qe4 $142) 18... Qb7 19. Rfe1 Nf5 ({Not} 19... Bxb4 20. c3 $15) 20. c4 (20. c3 {was called for.}) 20... Rhd8 ({Weaker is} 20... Bxb4 21. Bxf5 Bxe1 22. Rxb7 $15) 21. Be4 Qb6 $2 (21... c6 $19 {[%cal Re7b4] and Black stays clearly on top.} 22. Bxc6 Qb6) 22. c5 $17 Qb5 23. Qa7 $2 {[%mdl 8192]} (23. Qxb5 $17 Rxb5 24. a4) 23... Rbc8 $2 (23... Nd4 $19 {has better winning chances.} 24. Qxc7 Bg5) 24. a4 $2 {[%mdl 8192]} (24. Bb7 $17 {was the only defense.}) 24... Qc4 $19 25. Bb7 Rb8 26. Ba6 Qf4 27. b5 $2 {[#]} (27. g3 Qd2 28. Bb7) 27... Rd2 $1 {[%mdl 512]} 28. Rf1 Rbd8 29. Qxc7 Bh4 {Black mates.} 30. g3 {[#]} Nxg3 $1 {[%mdl 512]} 31. fxg3 Qe3+ 32. Kh1 Qe4+ {Precision: White = 21%, Black = 61%.} 0-1

[Event "29th Czech Open-Rapid 2018"]
[Site "Pardubice"]
[Date "2018.07.18"]
[Round "3"]
[White "Roessler, Ulrike"]
[Black "Belyakov, Bogdan"]
[Result "0-1"]
[WhiteElo "2137"]
[BlackElo "2489"]
[Annotator "TA"]
[PlyCount "44"]
[EventDate "2018.07.18"]
[EventType "swiss"]
[EventCountry "CZE"]
[SourceTitle "playchess.com"]
[Source "ChessBase"]
[SourceQuality "1"]

{[%evp 18,44,-45,-40,-58,-60,-57,-57,-47,-89,-84,-361,-349,-316,-93,-714,-693,-1010,-252,-256,-250,-691,-677,-630,-517,-914,-906,-1270,-1256]} 1. e4 e5 2. Bc4 Nc6 3. d3 Nf6 4. Nf3 Bc5 5. c3 O-O 6. Bb3 {C54: Italienische Partie (Hauptvariante)} (6. O-O d6 7. Re1 h6 8. Nbd2 a5 9. Nf1 Bb6 10. Be3 Bxe3 11. Nxe3 Be6 12. Bb5 Ne7 13. Ba4 Ng6 14. Bc2 Re8 15. d4 {1-0 (54) Vachier Lagrave,M (2789)-Caruana,F (2816) Paris 2018}) 6... d5 7. Qe2 a5 {[%cal Ba7a5,Ba5a4][%mdl 32]} 8. Bg5 dxe4 9. dxe4 h6 10. Bh4 {LiveBook: 6 Partien} a4 11. Bc2 Qd6 12. Nbd2 Nh5 {Und ...Sf4 würde nun gewinnen.} 13. Nc4 $146 ({Vorgänger:} 13. Bg3 Qe6 {0-1 (44) O'Donnell,C (2112)-Heimann,A (2513) Basel 2014}) 13... Qe6 {zielt auf ...Sf4 ab.} 14. O-O-O $2 {[%mdl 8192]} (14. Bg3 $17) 14... Nf4 $19 15. Qf1 Na5 $2 (15... b6 $19 {Weiss muss nun ...La6 beachten.} 16. Kb1 Ba6) 16. Ncxe5 $2 {[%mdl 8192]} (16. Nxa5 $17 Rxa5 17. Kb1) 16... Qxa2 17. Qb5 Bd6 $2 (17... Nb3+ 18. Bxb3 axb3 19. Qxc5 Qa1+ 20. Kd2 Qxb2+ 21. Ke3 Nxg2+ 22. Kd3 Qc2+ 23. Kc4 Be6+ 24. Kb5 Ra5+ $1 {[%mdl 512]} 25. Kxa5 b6+ 26. Qxb6 cxb6+ 27. Kxb6 Qxc3) 18. Qxa4 {[#]} Qe6 $1 19. Nd3 $2 (19. Bg3 Bxe5 20. Nxe5 Ne2+ 21. Kb1 Nxg3 22. hxg3 Qxe5 23. Rd5) 19... Bd7 {Schwarz steht klar auf Gewinn.} 20. Nd4 Nxd3+ 21. Rxd3 (21. Bxd3 $142 Bxa4 22. Nxe6 fxe6 23. Rde1) 21... Qg4 22. h3 Qf4+ {Precision: Weiß = 25%, Schwarz = 55%.} 0-1

[Event "29th Czech Open-Rapid 2018"]
[Site "Pardubice"]
[Date "2018.07.18"]
[Round "3"]
[White "Lushnikov, Evgeny"]
[Black "Zarovs, Aleksandrs"]
[Result "1-0"]
[WhiteElo "2136"]
[BlackElo "1836"]
[Annotator "NA"]
[PlyCount "89"]
[EventDate "2018.07.18"]
[EventType "swiss"]
[EventCountry "CZE"]
[SourceTitle "playchess.com"]
[Source "ChessBase"]
[SourceQuality "1"]
[TimeControl "900+10"]

1. e4 {[%emt 0:00:00]} d5 {[%emt 0:00:00]} 2. exd5 {[%emt 0:00:00]} Qxd5 {[%emt 0:00:00]} 3. Nc3 {[%emt 0:00:00]} Qa5 {[%emt 0:00:00]} 4. h3 {[%emt 0:00:00]} c6 {[%emt 0:00:00]} 5. d4 {[%emt 0:00:00]} Bf5 {[%emt 0:00:01]} 6. Nf3 {[%emt 0:00:00]} e6 {[%emt 0:00:14]} 7. Bc4 {[%emt 0:00:08]} Nf6 {[%emt 0:00:06]} 8. O-O {[%emt 0:00:05]} Bd6 {[%emt 0:00:16]} 9. Bg5 {[%emt 0:00:22]} Nbd7 {[%emt 0:00:05]} 10. a3 {[%emt 0:00:08]} O-O {[%emt 0:00:03]} 11. b4 {[%emt 0:00:34]} Qc7 {[%emt 0:00:03]} 12. Qe2 {[%emt 0:00:26]} Nd5 {[%emt 0:00:08]} 13. Bxd5 {[%emt 0:01:54]} cxd5 {[%emt 0:00:39]} 14. Nb5 {[%emt 0:00:01]} Qb8 {[%emt 0:00:02]} 15. c4 {[%emt 0:02:17]} dxc4 {[%emt 0:00:24]} 16. Qxc4 {[%emt 0:00:07]} Nb6 {[%emt 0:00:12]} 17. Qb3 {[%emt 0:00:05]} a6 {[%emt 0:00:22]} 18. Nxd6 {[%emt 0:00:56]} Qxd6 {[%emt 0:00:03]} 19. Rac1 {[%emt 0:00:16]} Rac8 {[%emt 0:00:10]} 20. Bh4 {[%emt 0:00:21]} Be4 {[%emt 0:00:48]} 21. Qe3 {[%emt 0:05:06]} Bd5 {[%emt 0:00:31]} 22. Bg3 {[%emt 0:00:28]} Qe7 {[%emt 0:00:23]} 23. Ne5 {[%emt 0:01:20]} f6 {[%emt 0:00:33]} 24. Rxc8 {[%emt 0:01:26]} Rxc8 {[%emt 0:00:14]} 25. Nd3 {[%emt 0:00:01]} Rc3 {[%emt 0:00:56]} 26. Rc1 {[%emt 0:00:09]} Nc4 {[%emt 0:00:31]} 27. Rxc3 {[%emt 0:01:26]} Nxe3 {[%emt 0:00:12]} 28. fxe3 {[%emt 0:00:16]} h6 {[%emt 0:00:40]} 29. Rc7 {[%emt 0:00:10]} Qe8 {[%emt 0:00:24]} 30. Nc5 {[%emt 0:00:11]} Qg6 {[%emt 0:00:11]} 31. Kh2 {[%emt 0:01:45]} Qc2 {[%emt 0:00:12]} 32. e4 {[%emt 0:00:01]} Bxe4 {[%emt 0:00:09]} 33. Nxe4 {[%emt 0:00:01]} Qxe4 {[%emt 0:00:02]} 34. Rd7 {[%emt 0:00:03]} g5 {[%emt 0:00:38]} 35. a4 {[%emt 0:00:22]} h5 {[%emt 0:00:05]} 36. b5 {[%emt 0:00:09]} axb5 {[%emt 0:00:10]} 37. axb5 {[%emt 0:00:00]} h4 {[%emt 0:00:02]} 38. Bc7 {[%emt 0:00:03]} Qf5 {[%emt 0:00:34]} 39. b6 {[%emt 0:00:14]} Qe4 {[%emt 0:00:23]} 40. Kg1 {[%emt 0:00:23]} g4 {[%emt 0:01:18]} 41. hxg4 {[%emt 0:00:02]} Qxg4 {[%emt 0:00:03]} 42. Kh2 {[%emt 0:00:01]} Qe4 {[%emt 0:00:28]} 43. g3 {[%emt 0:00:35]} hxg3+ {[%emt 0:00:45]} 44. Kxg3 {[%emt 0:00:09]} Kf8 {[%emt 0:01:40]} 45. Rd8+ 1-0

[Event "29th Czech Open-Rapid 2018"]
[Site "Pardubice"]
[Date "2018.07.18"]
[Round "3"]
[White "Brejnik, Gustav"]
[Black "Freisler, Pavel"]
[Result "0-1"]
[WhiteElo "2134"]
[BlackElo "2246"]
[Annotator "NA"]
[PlyCount "78"]
[EventDate "2018.07.18"]
[EventType "swiss"]
[EventCountry "CZE"]
[SourceTitle "playchess.com"]
[Source "ChessBase"]
[SourceQuality "1"]
[TimeControl "900+10"]

1. d4 {[%emt 0:00:00]} Nf6 {[%emt 0:00:00]} 2. c4 {[%emt 0:00:00]} e6 {[%emt 0:00:00]} 3. g3 {[%emt 0:00:00]} d5 {[%emt 0:00:15]} 4. Nf3 {[%emt 0:00:00]} Bb4+ {[%emt 0:00:06]} 5. Bd2 {[%emt 0:00:01]} Be7 {[%emt 0:00:01]} 6. Bg2 {[%emt 0:00:00]} O-O {[%emt 0:00:00]} 7. O-O {[%emt 0:00:00]} Nbd7 {[%emt 0:00:04]} 8. Qc2 {[%emt 0:00:11]} c6 {[%emt 0:00:17]} 9. Bf4 {[%emt 0:00:20]} Nh5 {[%emt 0:00:08]} 10. Bc1 {[%emt 0:00:10]} Nhf6 {[%emt 0:00:03]} 11. Nbd2 {[%emt 0:00:08]} b6 {[%emt 0:00:18]} 12. e4 {[%emt 0:00:44]} Ba6 {[%emt 0:00:32]} 13. Re1 {[%emt 0:00:41]} Rc8 {[%emt 0:00:23]} 14. Qa4 {[%emt 0:00:19]} Bxc4 {[%emt 0:00:04]} 15. Nxc4 {[%emt 0:00:01]} dxc4 {[%emt 0:00:01]} 16. Qxc4 {[%emt 0:00:02]} c5 {[%emt 0:00:47]} 17. d5 {[%emt 0:00:59]} exd5 {[%emt 0:00:04]} 18. exd5 {[%emt 0:00:02]} Bd6 {[%emt 0:00:01]} 19. Bd2 {[%emt 0:00:28]} Qc7 {[%emt 0:00:16]} 20. Bc3 {[%emt 0:00:05]} Rfe8 {[%emt 0:00:04]} 21. Bh3 {[%emt 0:00:19]} Rcd8 {[%emt 0:00:17]} 22. Rad1 {[%emt 0:01:40]} Qb7 {[%emt 0:00:54]} 23. a4 {[%emt 0:00:19]} Rxe1+ {[%emt 0:00:18]} 24. Nxe1 {[%emt 0:00:54]} Ne5 {[%emt 0:01:23]} 25. Qe2 {[%emt 0:01:46]} Re8 {[%emt 0:00:43]} 26. Bg2 {[%emt 0:01:28]} Qc7 {[%emt 0:00:36]} 27. Nf3 {[%emt 0:01:24]} h6 {[%emt 0:00:56]} 28. Qb5 {[%emt 0:00:42]} Re7 {[%emt 0:01:20]} 29. Nh4 {[%emt 0:03:06]} g6 {[%emt 0:00:19]} 30. Qb3 {[%emt 0:00:13]} c4 {[%emt 0:00:42]} 31. Qc2 {[%emt 0:00:27]} Bc5 {[%emt 0:00:22]} 32. h3 {[%emt 0:00:45]} Qd6 {[%emt 0:00:20]} 33. Kf1 {[%emt 0:01:04]} Nd3 {[%emt 0:00:18]} 34. Rxd3 {[%emt 0:00:32]} cxd3 {[%emt 0:00:03]} 35. Qxd3 {[%emt 0:00:01]} Kh7 {[%emt 0:00:26]} 36. b3 {[%emt 0:01:30]} Bb4 {[%emt 0:00:13]} 37. Bxb4 {[%emt 0:00:24]} Qxb4 {[%emt 0:00:02]} 38. Nf3 {[%emt 0:00:11]} Qc5 {[%emt 0:01:23]} 39. Nd2 {[%emt 0:00:16]} Qc1# {[%emt 0:00:04]} 0-1

[Event "29th Czech Open-Rapid 2018"]
[Site "Pardubice"]
[Date "2018.07.18"]
[Round "3"]
[White "Buchcar, Tomas"]
[Black "Geller, Jakov"]
[Result "0-1"]
[WhiteElo "2133"]
[BlackElo "2518"]
[Annotator "TA"]
[PlyCount "97"]
[EventDate "2018.07.18"]
[EventType "swiss"]
[EventCountry "CZE"]
[SourceTitle "playchess.com"]
[Source "ChessBase"]
[SourceQuality "1"]

{[%evp 18,97,-23,-69,-22,-20,-12,-21,-14,-21,0,0,0,0,4,-5,-11,-8,-12,-23,-11,-4,0,10,42,39,92,79,95,0,10,0,6,-106,51,-229,48,-18,-18,-39,-24,-202,-218,-219,-166,-179,0,0,0,0,0,0,0,0,0,0,0,0,0,0,0,0,8,8,37,0,0,0,0,0,0,-799,-13,-799,-734,-591,-584,-29982,-29971,-29988,-29989,-29989]} 1. Nf3 d5 2. c4 e6 3. e3 Nf6 4. b3 Be7 5. Bb2 O-O 6. Qc2 {A13: English Opening: 1...e6} (6. Nc3 c5 7. cxd5 Nxd5 8. Qc2 b6 9. Nxd5 exd5 10. d4 Nc6 11. Be2 Be6 12. O-O Rc8 13. dxc5 bxc5 14. Rac1 Qb6 15. Rfd1 Rfd8 {1-0 (40) Karjakin,S (2763)-Kramnik,V (2800) Moscow 2018}) 6... c5 7. Be2 Nc6 8. a3 b6 9. d3 Bb7 10. Nbd2 {LiveBook: 3 Games} Rc8 11. O-O Qc7 12. Rac1 Rfd8 13. Rfe1 e5 14. cxd5 Nxd5 15. Qb1 Qb8 16. Qa1 $146 {[%cal Rf3e5]} ({Predecessor:} 16. Bd1 Nf6 17. Bc2 Bd6 18. Nf1 {1-0 (43) Rinberg,A (2335)-Boim,I (2365) Tel Aviv 1995}) 16... f6 17. Qb1 Bf8 18. Bd1 Rd7 19. Bc2 g6 $1 20. h4 Bg7 {[#]} 21. h5 $1 {[%mdl 512]} Nce7 (21... gxh5 $6 22. d4 $16) (21... Rdc7 $14) 22. hxg6 $16 hxg6 {[#]} 23. d4 ({White should try} 23. b4 $1 $16 {[%mdl 512]}) 23... exd4 $11 24. exd4 Nf4 25. dxc5 {[#]} (25. Be4 $11) 25... bxc5 $2 (25... Nxg2 $1 $17 {[%mdl 512]} 26. Red1 (26. Kxg2 Rxd2 27. Re4 Bxe4 $17) 26... Nf4) 26. Ne4 $2 {[%mdl 8192] [#]} (26. Be4 $1 $14 {keeps the upper hand.}) 26... Ned5 $2 (26... Nxg2 $1 $19 {[%mdl 512]} 27. Kxg2 Qf4) 27. Ng3 {[#]} (27. Nh4 $14) 27... Nxg2 $1 {[%mdl 512]} 28. Kxg2 Nf4+ 29. Kg1 $2 (29. Kh2 $11 {and White stays safe.}) 29... Bxf3 $19 30. Bxg6 {Hoping for Bf5.} Nh3+ ({Don't blunder} 30... Qxb3 $2 31. Qf5 $18) 31. Kh2 {[#]} Nxf2 $2 (31... Rd2 $1 $19 {[%cal Rd2f2]} 32. Rc2 {[#]} (32. Kxh3 $2 Rxf2 33. Qf5 Bg2+ 34. Kh2 Rxf5 $19) 32... Nxf2 $3 {[%mdl 512]} 33. Bh7+ (33. Rxd2 $2 {loses.} Qf4 $19) 33... Kf8) 32. Qf5 $1 $36 {[%cal Rf5f3][%mdl 2048] White is pushing.} Rd2 {( -> ...Ne4+)} 33. Qxf3 Ne4+ $1 34. Kg1 Qxg3+ 35. Qxg3 Nxg3 36. Rc2 Rxc2 37. Bxc2 {Kf2 is the strong threat.} f5 38. Bxg7 Kxg7 {[%mdl 4096] Endgame KRB-KRN} 39. Kf2 f4 40. Kf3 Nh5 41. Re7+ Kf6 42. Rxa7 Rg8 43. Rd7 Rg3+ 44. Ke4 $2 {[%mdl 8192]} (44. Kf2 $11) 44... Re3+ $19 45. Kd5 f3 {[%cal Bf4f3,Bf3f2][%mdl 32]} 46. Rd6+ Kg5 {aiming for ...f2.} 47. Bd1 Nf4+ 48. Kxc5 f2 49. Kd4 {Precision: White = 46%, Black = 44%.} 0-1

[Event "29th Czech Open-Rapid 2018"]
[Site "Pardubice"]
[Date "2018.07.18"]
[Round "3"]
[White "Valenta, Vit Sr"]
[Black "Chrz, Pavel"]
[Result "0-1"]
[WhiteElo "2127"]
[BlackElo "2032"]
[Annotator "TA"]
[PlyCount "94"]
[EventDate "2018.07.18"]
[EventType "swiss"]
[EventCountry "CZE"]
[SourceTitle "playchess.com"]
[Source "ChessBase"]
[SourceQuality "1"]

{[%evp 9,94,8,4,-37,3,-35,-29,-109,-21,-31,-23,-14,-11,-17,-6,-14,-18,-20,14,21,11,-20,-20,-61,-15,-14,49,-12,0,-31,-35,-31,-27,-31,-21,-39,239,-18,-11,-19,-20,-19,0,0,0,-57,0,0,70,70,82,24,59,0,0,0,0,-7,0,0,0,0,18,14,18,18,27,0,10,0,0,-72,0,-112,-104,-289,-266,-262,-210,-1445,-1339,-1075,-637,-1023,-953,-29985,-29985]} 1. b4 c6 2. c4 e6 (2... e5 3. Bb2 d6 4. e3 f5 5. d4 e4 6. d5 Nf6 7. Ne2 a5 8. b5 c5 9. a4 Be7 10. Nd2 O-O {0-1 (18) Ye,R (2461)-Lou,Y (2484) Tianjin 2018}) 3. Bb2 Qb6 4. a3 a5 5. Qa4 $146 ({Predecessor:} 5. d4 axb4 6. c5 Qc7 7. axb4 Rxa1 8. Bxa1 Na6 9. Qb3 d6 10. e3 Nf6 11. Nf3 Nd5 12. Bxa6 bxa6 {0-1 (46) Molano Lafuente,I (2000)-Ortega Serra,M (2190) Santa Eulalia de Roncana 2013}) 5... Nf6 6. Bc3 {A00: Irregular Openings} Ne4 7. c5 Qc7 8. Nf3 {[#]} (8. e3 $11 {remains equal.}) 8... Nxc3 (8... axb4 $1 $17 9. Qxa8 bxc3 10. Nxc3 Nxc3 11. dxc3 Bxc5) 9. Nxc3 $11 b5 10. cxb6 Qxb6 11. b5 cxb5 12. Nxb5 Na6 13. d4 Rb8 14. e3 Nc7 {[%cal Rc7b5]} 15. Rb1 Nxb5 $1 16. Qxb5 Qxb5 (16... Qb7 {is interesting.} 17. Bd3 Bxa3 18. O-O Qxb5 19. Rxb5 Rxb5 20. Bxb5 Ke7) 17. Bxb5 Kd8 (17... Bb4+ $11 18. axb4 Rxb5) 18. a4 (18. Ne5 $14 Bxa3 19. Nxf7+ Ke7 20. Nxh8 Bb4+ 21. Rxb4 axb4 22. Bd3) 18... Ba6 19. Ke2 (19. Ng5 {keeps more tension.} Bxb5 20. Nxf7+ Kc7 21. axb5 Bb4+ 22. Ke2) 19... Bxb5+ $1 20. Rxb5 Rxb5 21. axb5 $15 {[%mdl 4096] Endgame KRB-KRN} Bb4 22. Rc1 {Threatens to win with Ne5.} d6 $2 {[%mdl 8192]} (22... f6 $15 {stays ahead.}) 23. Rc6 $2 (23. b6 $18 Ke7 24. Rc7+ Kf6 25. b7) 23... Kd7 $11 24. Ra6 {Strongly threatening Ra7+.} Rb8 25. Ra7+ Ke8 26. Ng5 Rxb5 27. Nxf7 (27. h4 $11) 27... h6 (27... Rf5 $15 28. Nh8 Rf8) 28. Nh8 Rb6 (28... Bc3 $11) 29. Ng6 $14 Kd8 30. Nf4 (30. Kd1 $16) 30... Kc8 $11 31. d5 (31. Rxg7 $14 Kb8 32. Rg4 (32. Nxe6 a4 $14)) 31... e5 32. Ne6 Kb8 33. Rc7 a4 {And now ...Bc5! would win.} 34. Rc2 $1 ({Wrong is} 34. Rxg7 $2 a3 $19) 34... a3 35. Kd3 Ra6 36. Ra2 g5 37. Kc4 Rb6 38. f3 Kc8 39. Kd3 Kd7 40. Ke4 {[#]} (40. Ra1 $11 {keeps the balance.}) 40... Ra6 ({Black should play} 40... Rb5 $1 $17) 41. g3 (41. Kd3 $11) 41... Bc3 $17 42. h4 $2 (42. Kf5 $17 {might work better.}) 42... gxh4 $19 43. gxh4 Bb2 44. Ng7 $2 (44. f4) 44... Ra4+ 45. Kf5 Rxh4 46. f4 exf4 {[%cal Be5f4,Bf4e3][%mdl 32]} 47. Ne6 fxe3 {Precision: White = 17%, Black = 42%.} 0-1